| 000 | 00982cad a22002055a 4500 | ||
|---|---|---|---|
| 001 | E146518 | ||
| 008 | 090129s2009 xxk o f 000 0 eng d | ||
| 035 | _a(Sirsi) u146518 | ||
| 041 | 0 | _aeng | |
| 050 | 0 | 4 | _a711.1 $2 18 |
| 110 | 2 |
_aScottish Civic Trust _92679 |
|
| 245 | 0 | 0 |
_aHistoric environment policy project _btables of development plan policies on archaeology, conservation areas, gardens and designed landscapes, listed buildings _h[electronic resource] |
| 260 |
_aGlasgow _bScottish Civic Trust _c2009 |
||
| 520 | _aSets out Scottish local authorities' development plan policies on the historic environment. | ||
| 521 | _aAdvanced | ||
| 651 | 4 |
_aScotland _y1999- |
|
| 690 | _aENVIRONMENTAL AND LAND CONSULTANCY-PLANNING AND DEVELOPMENT-PLANNING GUIDANCE-LOCAL DEVELOPMENT PLANS | ||
| 856 | 4 | 0 |
_uhttps://www.scottishcivictrust.org.uk/sct/publications.aspx?sect=20&typeid=0&start=1&dir=DESC _zView the report free of charge at www.scottishcivictrust.org.uk... |
| 942 | _n0 | ||
| 999 |
_c109207 _d109207 |
||